000 00752nam a22002297a 4500
005 20250103125700.0
010 _aENG-139111 ENG-141610 ENG-143186
020 _a9788192253008 (SET OF 2)
_c400.00
035 _aEN-122643
035 _aEN-125142
035 _aEN-126718
037 _bDBAD
082 _a620.31
100 _aKaleeswaran MC.
_975811
245 _aStairs:
_bProfessional Educations In Tamil Nadu/
_cBy M.C Kaleeswaran
260 _aChennai
_bUnique Media Integrators
_c2011
270 _bChennai
_a31/14,"BAJAJ MANOR"Flat No. 1A,First Floor,College Road,(opp to DPI) Nungambakkam
_e600006
300 _a281p.
_c22cm(pb)
300 _a318p.
_c22cm(pb)
490 _vVol 1, Vol 2
942 _2ddc
_cEN
_mSTA
_h620.31
999 _c200535
_d200535